Normal view
MARC view
- different cultures. Life transitions. Third culture kids
Entry Topical Term
001 - CONTROL NUMBER
- control field: 86725
003 - CONTROL NUMBER IDENTIFIER
- control field: OSt
005 - DATE AND TIME OF LATEST TRANSACTION
- control field: 20251006130634.0
008 - FIXED-LENGTH DATA ELEMENTS
- fixed length control field: 251006|| aca||aabn | a|a d
040 ## - CATALOGING SOURCE
- Original cataloging agency: OSt
- Transcribing agency: OSt
150 ## - HEADING--TOPICAL TERM
- Topical term or geographic name as entry element: different cultures. Life transitions. Third culture kids
670 ## - SOURCE DATA FOUND
- Source citation: Work cat.: (OSt)49609: Crossman, Tanya. 86724, Misunderstood:, 2016.